| 000 | 00515nam a22001697a 4500 | ||
|---|---|---|---|
| 005 | 20231208105359.0 | ||
| 008 | 231208b |||||||| |||| 00| 0 eng d | ||
| 020 | _a0409016292 ; 040016284 | ||
| 041 | _aEnglish | ||
| 082 | _a349 BUT | ||
| 100 | _lEnglish | ||
| 245 |
_aButterworths Forms and Precedents : _bCommercial Transactions 1 |
||
| 260 |
_aDurban : _bLexisNexis (Pty) Ltd, _c1996 |
||
| 300 |
_b324 pages ; _c26 cm. |
||
| 650 |
_aLegal practice _bLaw |
||
| 942 |
_cBK _6ALISON_BN_VRIES |
||
| 999 |
_c1173 _d1173 |
||